Violon-Konzert Nr. 4 [A dur] : für Violine und Klavier mit Kadenzen /

Hlavní autor: Rode, Pierre, 1774-1830
Další autoři: Davisson, Walther, 1885-1973
Jazyk: Nelze použít, není lingvistický obsah
Vydáno: Leipzig : Peters, 1959
Edice: Edition Peters
Fyzický popis: 22, 12 s.
Hudebniny Hudebniny
Uloženo v:
LEADER 00877ncm a22002412a 4500
001 001236376
003 CZ BrMZK
005 20120802144135.0
007 qu
008 120802s1959 gw |||||||||||||||||zxx d
040 |a BOA001  |b cze 
072 7 |a 787  |x Hudba pro strunné a smyčcové nástroje  |2 Konspekt  |9 9 
100 1 |a Rode, Pierre,  |d 1774-1830  |7 ola2002110301  |4 cmp 
245 1 0 |a Violon-Konzert Nr. 4  |h [hudebnina] :  |b [A dur] : für Violine und Klavier mit Kadenzen /  |c Pierre Rode ; versehen von Walther Davisson 
260 |a Leipzig :  |b Peters,  |c 1959 
300 |a 22, 12 s. 
490 1 |a Edition Peters ;  |v Nr. 1095 
700 1 |a Davisson, Walther,  |d 1885-1973  |7 mzk2011651324  |4 edt 
830 0 |a Edition Peters 
910 |a BOA001  |b Mus4-0461.362 
990 |a MU 
991 |b 201208 
996 6 |b 2619075631  |c Mus4-0461.362  |l MZK  |r Sklad / do 1 hodiny  |n 0  |w 001270364  |u 000010  |a 1  |e BOA001  |j MZK50  |s P